La Revisión de oficio de los actos administrativos / Raul Bocanegra Sierra
ISBN:
84-7088-080-2
Descripción Física:
303 p. ; 21 cm
Colección:
Estudios de administración general
Materias:
Actes administratius -- Espanya
MARC
| LEADER | 00000nam a2200000Ia 4500 | ||
|---|---|---|---|
| 001 | 18215 | ||
| 008 | 160829s1977 xx 000 0 cat d | ||
| 020 | |a 84-7088-080-2 | ||
| 080 | |a M-5-259 | ||
| 100 | |a Bocanegra Sierra, Raúl |9 28266 | ||
| 245 | |a La Revisión de oficio de los actos administrativos / Raul Bocanegra Sierra | ||
| 260 | |a Madrid : |b Instituto de Estudios de Administración Local, |c 1977 | ||
| 300 | |a 303 p. ; |c 21 cm | ||
| 490 | |a Estudios de administración general | ||
| 590 | |a Bibliografia | ||
| 650 | 0 | |a Actes administratius |z Espanya |9 10659 | |
| 710 | 2 | |a Instituto de Estudios de Administración Local (Espanya) |9 54775 | |
| 901 | |a Arxiu | ||
| 942 | |n 1 | ||
| 952 | |0 0 |1 0 |4 0 |6 M5259 |7 1 |9 44749 |a Arxiu |b Arxiu |d 2016-12-01 |l 0 |o M-5-259 |p 18215 |r 2016-12-01 00:00:00 |w 2016-12-01 |y ARXIU | ||
| 999 | |c 47331 |d 47331 | ||